000 00654cab a2200241 4500
001 WB3208-21
008 090401t1996 xxu||||| |||| 00| 0 eng d
035 _a(Sirsi) u34445
041 _aeng
245 _aNet a new home
260 _c1996
350 _a0
490 _aDaily Telegraph
_v21 February 1996, 33(1)
520 _aExamines the possibilities of house-hunting on the Internet.
650 _aHOUSE HUNTING
650 _aINTERNET PROPERTYFINDER
650 _aINTERNET
650 _aPROPERTY MARKETING
690 _aHOUSING
690 _aMANAGEMENT-BUSINESS MANAGEMENT-INFORMATION MANAGEMENT
942 _n0
948 _c04/03/1997
999 _c22814
_d22814